Unknown Musical Lyrics XIV Quiz Stats

 Plays Quiz not verified by Sporcle

Challenge
Share
Tweet
Embed
Score 0/264 Timer 12:00
0 Plays Today
Lyrics % Correct
I
96.5%
I
96.5%
I
96.5%
I
96.5%
I
96.5%
I
96.5%
I
96.5%
I
96.5%
I
96.5%
I
96.5%
I
96.5%
A
96.2%
A
96.2%
A
96.2%
A
96.2%
A
96.2%
a
96.2%
a
96.2%
a
96.2%
the
91.4%
you
89.2%
you
89.2%
you,
89.2%
You
89.2%
You
89.2%
you
89.2%
You
89.2%
But/And
87.6%
And
84.7%
And
84.7%
And
84.7%
and
84.7%
and
84.7%
And
84.7%
and
84.7%
And
84.7%
and
84.7%
and
84.7%
And
84.7%
me
80.9%
me
80.9%
is
80.9%
me
80.9%
is
80.9%
is
80.9%
He
79.6%
he
79.6%
he
79.6%
to
79.3%
to
79.3%
to
79.3%
It
77.7%
in
76.8%
in
76.8%
love
76.1%
love
76.1%
love
76.1%
love
76.1%
love
76.1%
love
76.1%
love,
76.1%
love
76.1%
love
76.1%
love
76.1%
your
74.8%
your
74.8%
your
74.8%
your
74.8%
your
74.8%
no
74.8%
your
74.8%
your
74.8%
your
74.8%
no
74.8%
no
74.8%
no
74.8%
your
74.8%
no
74.8%
Your
74.8%
your
74.8%
what
74.2%
who
73.6%
who
73.6%
Who
73.6%
my
73.2%
my
73.2%
my
73.2%
do?
73.2%
Lyrics % Correct
do
73.2%
my
73.2%
be
72.6%
Be
72.6%
that
72%
that
72%
that
72%
that
72%
that
72%
can
72%
that
72%
can
72%
when
71%
When
71%
for
70.7%
for
70.7%
for
70.7%
of
69.7%
of
69.7%
of
69.7%
so
68.2%
so
68.2%
not
66.2%
not
66.2%
Not
66.2%
But
65%
But
65%
But
65%
him,
64%
him,
64%
him,
64%
him
64%
him
64%
There
63.7%
One
63.1%
One
63.1%
one
63.1%
one
63.1%
know
61.8%
know
61.8%
know
61.8%
Will
60.2%
like
59.9%
like
59.9%
like
59.9%
It's
59.2%
it's
59.2%
it's
59.2%
with
58.3%
all
57.6%
am
57.6%
all
57.6%
all
57.6%
I'm
57%
have
56.7%
have
56.7%
have
56.7%
boy
56.1%
boy
56.1%
boy
56.1%
boy
56.1%
boy
56.1%
boy
56.1%
boy
56.1%
boy
56.1%
hear
56.1%
Or
55.7%
or
55.7%
or
55.7%
or
55.7%
too
54.1%
too
54.1%
heart
53.5%
heart
53.5%
heart,
53.5%
heart
53.5%
see
53.2%
see
53.2%
Just
51.6%
Just
51.6%
Just
51.6%
were
51.6%
we're
51.6%
mine
50.3%
thing
49%
thing
49%
has
48.7%
his
48.7%
Lyrics % Correct
life
48.1%
life
48.1%
only
47.5%
should
47.1%
should
47.1%
Oh
45.5%
own
43.9%
own
43.9%
he's
43.9%
he's
43.9%
own
43.9%
own
43.9%
now,
43%
else
42.7%
You'll
42%
find
40.1%
isn't
40.1%
kill
39.8%
kind
39.8%
kind
39.8%
kind
39.8%
kind
39.8%
said
39.5%
brother
39.2%
He'll
38.9%
He'll
38.9%
done
38.5%
done
38.5%
give
37.9%
Wants
37.9%
they're
37.9%
they're
37.9%
wrong
37.9%
wrong,
37.9%
wrong,
37.9%
wrong
37.9%
another
37.3%
Stick
37.3%
another
37.3%
Stick
37.3%
Right
37.3%
Right
37.3%
right
37.3%
leave
36%
need
35.7%
Very
35%
very
35%
head
35%
Maria,
34.4%
Maria
34.4%
Forget
33.8%
nothing
33.8%
wait
33.4%
wait
33.4%
wait
33.4%
true,
33.1%
true
33.1%
Anita,
32.8%
Anita
32.8%
Anita
32.8%
cannot
30.9%
lonely
30.6%
Knows
30.3%
kills
29.9%
kills
29.9%
smart,
29.9%
smart
29.9%
smart
29.9%
needs
29.6%
everything
29.3%
better
29%
better
29%
tomorrow
28.7%
tomorrow
28.7%
gets
28%
gets
28%
words
28%
Who'd
27.7%
murder
27.4%
murdered
27.1%
There's
27.1%
sorrow
26.4%
meet
25.5%
hold
25.2%
hold
25.2%
strong
24.5%
comes
24.2%
forever
23.9%

You're not logged in!

Compare scores with friends on all Sporcle quizzes.
Join for Free
OR
Log In

You Might Also Like...

Show Comments

Extras

Top Quizzes Today


Score Distribution

Your Account Isn't Verified!

In order to create a playlist on Sporcle, you need to verify the email address you used during registration. Go to your Sporcle Settings to finish the process.

Report this User

Report this user for behavior that violates our Community Guidelines.

Details: